000 00351 a2200157 4500
001 177331
020 _a
040 _cMagnum
100 _aGonzalez, Neide T. Maia
240 1 0 _aContos de animais fantasticos
_lpor
245 1 0 _aContos de animais fantasticos
362 0 _a1899
440 1 _aÁtica
697 _aMAGNITO: IJ/GERAL
942 _cBK
999 _c177331
_d177331